000 00461nam a2200181Ia 4500
001 19219
005 20260306171728.0
008 260306s9999||||xx |||||||||||||| ||und||
041 _aESP
082 _a658.804
_bP59E 1999
100 _aPipoli de Butrón, Gina
_eAUT
245 0 _aEl marketing y sus aplicaciones a la realidad peruana
260 _c1999
300 _a427 páginas :
_c21cm.
650 _aGEN
654 _aCAN
942 _cLIB
_dJUS
_fJUS
_2ddc
_n
999 _c19219
_d19219